| 000 | 00660nam a2200169 4500 | ||
|---|---|---|---|
| 008 | 040422s1988 mau b 001 0 eng | ||
| 020 | _a0913573752 | ||
| 090 |
_aBT123 _bL53t |
||
| 100 | 1 |
_aLederle, H. I. _q(Henry I.) |
|
| 245 | 1 | 0 |
_aTreasures old and new : _binterpretations of "Spirit-Baptism" in the charismatic renewal movement / _cHenry I. Lederle. |
| 260 |
_aPeabody, Mass. : _bHendrickson Publishers, _cc1988. |
||
| 300 |
_axx, 264 p. ; _c23 cm. |
||
| 500 | _aIncludes index. | ||
| 504 | _aBibliography: p. 243-262. | ||
| 650 | 4 |
_aBaptism in the Holy Spirit _xHistory of doctrines. |
|
| 951 |
_p18159 _x00006827 _oBT123/L53t _j070613111354875 _d2000-12-21 _cGC |
||
| 999 |
_c19956 _d19956 |
||